000 00317nam a22001337a 4500
008 181017b xxu||||| |||| 00| 0 eng d
020 _a2900534237966
041 _aeng
080 _a004
100 _a28
101 _aSHK
245 _aApplied Multivariate Methods for Data Analysts
_cJohnson,D.E
942 _2udc
_cBK
999 _c50059
_d50059